00509nam a22001697a 450000500170000001000150001702000310003203500140006303700130007708200080009010000200009824500590011825000090017726000410018627000900022730000220031720210813164849.0 aENG-129858 c1295.00a978-81-951951-1-4 aEN-113390 bDBAD/PUB a921 aTyagi, Narendra aTryst With Destiny An Autobiography :cNarendra Tyagi a2021 bIndex Internationalc2021aGhaziabad mintexintl@airtelmail.inaA8-002, Olive County Sector-5, VasundharabGhaziabade201012 a334p.c25cm (hbk)